Alexandria: a history and a guide: by E. M. Forster/

محفوظ في:

المؤلف الرئيسي: Forster, E. M. (مؤلف)

التنسيق: كتاب

اللغة: Undetermined

منشور في: Garden City, New York: Anchor Books-Double day and Co.,Inc., 1961.

الموضوعات:

الوسوم: إضافة وسم

لا توجد وسوم, كن أول من يضع وسما على هذه التسجيلة!

رقم الطلب: DT73.A4 F6 1961

LEADER 00676nam a2200181Ia 4500
008 211223s9999||||xx |||||||||||||| ||und||
050 4 |a DT73.A4 F6 1961 
100 1 |a Forster, E. M.  |e author. 
245 1 0 |a Alexandria: a history and a guide:  |b by E. M. Forster/  |c E.M. Forster. 
264 1 |a Garden City, New York:  |b Anchor Books-Double day and Co.,Inc.,  |c 1961. 
300 |a XXVI,243 p. :  |b illus.,maps,plans;  |c 21 
336 |a text  |b txt  |2 rdacontent 
337 |a unmediated  |b n  |2 rdamedia 
338 |a volume  |b nc  |2 rdacarrier 
650 1 4 |a Alexandria. 
942 |2 lcc  |c BK 
952 |0 0  |1 0  |2 lcc  |4 0  |7 1  |9 31807  |a ARCE  |b ARCE  |d 2022-01-25  |l 0  |r 2022-01-25 00:00:00  |w 2022-01-25  |y BK 
999 |c 41034  |d 41034